000 00482nam a2200169Ia 4500
008 230917s9999||||xx |||||||||||||| ||und||
020 _cRS495
040 _e256224
_aMAIN
041 _aEnglish
082 _a658.4092 L149K
100 _aLakshman, C
245 0 _aKnowledge leadership: Tools for executive leaders
260 _aNew Delhi
_bSage Publications
_c2008
300 _axii, 215 p.
500 _a3501 15/07/2019 RK19/841 16/07/2019 IMSAR (Dev. & Research)
942 _cBK
999 _c31610
_d31610